Responses for Show #2004 - Thursday, April 29, 1993

Contestants

[<< previous game]

Darrel Manson, a minister from Lakewood, California

Jonathan Gregg, an actor from Phoenix, Arizona

Steve Ricker, an exporter from Laguna Beach, California (whose 2-day cash winnings total $23,302)

[next game >>]

Jeopardy! Round responses

THE CRETACEOUS PERIOD
ITALIAN AMERICANS
'60s FADS & FASHIONS
FAIRIES & FOLKLORE
LANGUAGES
ARTISTIC QUOTES
    $100 20
the Oak

Darrel
    $100 6
Annette Funicello

Steve
    $100 5
Nehru jackets

Jonathan
    $100 14
milk

Jonathan
    $100 1
(Steve: What is Kenya?)

Swaziland

Steve
Triple Stumper
    $100 8
Mona Lisa

Steve
    $200 21
oil

Steve
    $200 13
Mario Puzo

Steve
    $200 10
Twiggy

Steve
    $200 25
leather

Jonathan
    $200 2
Russian

Jonathan
    $200 9
van Gogh

Darrel
    $300 22
the Rockies

Jonathan
    $300 16
Geraldine Ferraro

Steve
    $300 17
chewing gum wrappers

Steve
    $300 26
a bogey

Jonathan
    $300 3
Cornwall

Steve
    $300 11
Picasso

Jonathan
    $400 28
dinosaurs (reptiles)

Darrel
    $400 23
La Guardia

Darrel
    $400 18
Day-Glo

Steve
    $400 27
a troll

Steve
    $400 4
the Philippines

Darrel
    $400 12
Rembrandt

Darrel
    $500 29
(Jonathan: What is the Tyrrhenian Sea?)

the Mediterranean

Jonathan
Triple Stumper
    $500 24
Toscanini

Jonathan
    $500 19
a lava lamp

Steve
    $500 30
Oberon

Darrel
    $500 7
Bulgarian

Jonathan
    $600 15
Winslow Homer

Jonathan

Scores at the first commercial break (after clue 15):

Steve Jonathan Darrel
$800 $1,800 $1,000

Scores at the end of the Jeopardy! Round:

Steve Jonathan Darrel
$2,900 $2,600 $2,400

Double Jeopardy! Round responses

HISTORIC NAMES
SONG STANDARDS
FLAGS
PLAYS & PLAYWRIGHTS
REPUBLICANS
GRASSES
    $200 7
(John) Adams

Darrel
    $200 2
(Steve: What are fa-so-la-ti-o?)

fa-so-la-ti-do

SteveJonathan
    $200 1
the rattlesnake

Jonathan
    $200 6
Annie

Darrel
    $200 14
Dan Quayle

Steve
    $200 26
bamboo

Darrel
    $400 8
Stalin

Steve
    $400 3
eyes

Darrel
    $400 4
the crescent

Jonathan
    $400 15
Greek

Steve
    $400 17
California

Jonathan
    $400 27
the Bluegrass region

Darrel
    $600 9
Golda Meir

Steve
    $600 5
a gilded cage

Steve
    $600 20
fimbriation

Darrel
    $600 16
(Jean-Paul) Sartre

Darrel
    $1,500 23
(Alex: Yes, Alf [*]'s daughter.)

Landon

Jonathan
    $600 28
fodder

Steve
    $800 10
Inchon

Jonathan
    $800 12
Nancy

Darrel
    $1,500 21
the U.N. flag

Darrel
    $800 18
(Steve: Who is George Bernard Shaw?)

Sean O'Casey

Steve
Triple Stumper
    $800 24
(Alex: We have about a minute left in the round.)

New Hampshire

Jonathan
    $800 29
the Pampas

Steve
    $1000 11
(Samuel) Tilden

Jonathan
    $1000 13
tenderly

Triple Stumper
    $1000 22
Don't give up the ship

Jonathan
    $1000 19
Pinter

Jonathan
    $1000 25
(Everett) Dirksen

Jonathan
    $1000 30
durum

Steve

Scores at the end of the Double Jeopardy! Round:

Steve Jonathan Darrel
$6,500 $10,900 $7,300

[wagering suggestions for these scores]

Final Jeopardy! Round responses

THE DISTRICT OF COLUMBIA
SteveWhat is Georgetown?
$1,602
DarrelWhat was Georgetown?
$7,000
JonathanWhat is George-Town
$3,701
Georgetown

Final scores:

Steve Jonathan Darrel
$8,102 $14,601 $14,300
3rd place: Sacred Circle lithograph by Beve Doolittle courtesy of Greenwich Workshop + Jeopardy! home game or computerized version New champion: $14,601 2nd place: Lloyd-Flander wicker furniture + New Braunfels smoker + Jeopardy! home game or computerized version

Game dynamics:

Coryat scores:

Steve Jonathan Darrel
$6,500 $9,900 $6,600
19 R,
3 W
21 R
(including 2 DDs),
1 W
16 R
(including 1 DD),
0 W

Combined Coryat: $23,000

[game clues] [game scores] [suggest correction]

Game tape date: 1992-12-15
The J! Archive is created by fans, for fans. Scraping, republication, monetization, and malicious use prohibited; this site may use cookies and collect identifying information. See terms. The Jeopardy! game show and all elements thereof, including but not limited to copyright and trademark thereto, are the property of Jeopardy Productions, Inc. and are protected under law. This website is not affiliated with, sponsored by, or operated by Jeopardy Productions, Inc. Join the discussion at JBoard.tv.